Eliminación por Categoría - Geografía Europea #3 - Estadísticas

Estadísticas generales
  • Esta prueba ha sido intentada 11.423 veces
  • La puntuación promedio es 14 de 20
Estadísticas de respuestas
Grupo # Categoría % Correcto
Verde 45 Países de Europa
100%
Verde 15 … que no tienen salida al mar
99%
Verde 8 … con una elevación máxima superior a 2000m
94%
Naranja 45 Ciudades capitales de Europa
85%
Naranja 24 … con al menos 1 millón de personas
84%
Naranja 12 … que terminan en vocal
82%
Verde 3 … con al menos 9 letras en su nombre
80%
Azul 45 Países de Europa (por bandera)
80%
Azul 18 … que no tenga azul
79%
Naranja 7 … están al norte de los 50ºN de latitud
74%
Morado 90 Países o capitales de Europa
72%
Azul 5 … que no tenga blanco
71%
Morado 30 … con menos de 1 millón de personas
67%
Azul 3 … que tienen 3 franjas
65%
Morado 24 …que son solo una palabra
64%
Morado 9 … que contiene la letra O
55%
Azul 1 … y que tenga verde Lituania
36%
Verde 1 … y no limita con Austria Macedoniadel Norte
34%
Morado 1 … que empieza y termina con la misma letra Andorra
29%
Naranja 1 …y que su país no limite con el mar báltico Praga
19%
No se encontraron pruebas coincidentes
Distribución de puntuación
Porcentaje de gente con cada puntuación
Porcentaje por número respondido
Historial de tus puntuaciones
No has intentado esta prueba.